Pays commençant par P - Statistiques

Statistiques générales
  • Ce quiz a été pris 108 fois
  • Le résultat moyen est 8 sur 10
Statistiques - réponses
Réponse % Correct
Portugal
87%
Pologne
86%
Paraguay
84%
Pakistan
81%
Panama
81%
Palaos
78%
Pérou
78%
Philippines
76%
Papouasie Nouvelle Guinée
71%
Pays-Bas
58%
Aucun quiz correspondant
Distribution des résultats
% des personnes avec chaque résultat
Percentile par nombre de réponses
Votre historique - résultats
Vous n’avez pas pris ce quiz